[Event "Minsk Kupreichik Memorial rapid"]
[Site "Minsk"]
[Date "2019.08.15"]
[Round "2"]
[White "Karlov, Egor"]
[Black "Uzlavataya, Anhelina"]
[Result "1-0"]
[WhiteElo "1728"]
[BlackElo "2051"]
[PlyCount "101"]
[EventDate "2019.08.15"]
[EventType "swiss (rapid)"]
[EventRounds "10"]
[EventCountry "BLR"]
[SourceTitle "CBM 191 Extra"]
[Source "ChessBase"]
[SourceDate "2019.09.30"]
[SourceVersion "1"]
[SourceVersionDate "2019.09.30"]
[SourceQuality "1"]

1. d4 f5 2. c4 g6 3. Nc3 Nf6 4. Nf3 Bg7 5. e3 0-0 6. Bd3 d6 7. 0-0 Nc6 8. a3 e5 9. dxe5 dxe5 10. Be2 Qe7 11. Qc2 h6 12. b4 Bd7 13. Bb2 e4 14. Nd2 Be6 15. Nb3 Ne5 16. Nb5 Bf7 17. Rfd1 a6 18. N5d4 Rad8 19. Nc5 c6 20. Ndb3 Nh7 21. Na5 b6 22. Bxe5 Rxd1+ 23. Rxd1 Qxe5 24. Nd7 Qc7 25. Nxf8 Nxf8 26. Nb3 Nd7 27. c5 b5 28. Na5 Be5 29. h3 Nf6 30. Nb3 Nd5 31. Nd4 Kg7 32. Qd2 Qc8 33. f4 Bf6 34. g4 fxg4 35. Bxg4 Qe8 36. Qf2 h5 37. Be2 Qc8 38. f5 Bxd4 39. Rxd4 Qxf5 40. Qxf5 gxf5 41. Kf2 Kf6 42. Rd2 Ke5 43. h4 Nxe3 44. Rd7 Be6 45. Rd6 Nc4 46. Rxc6 e3+ 47. Kf1 Nxa3 48. Rxa6 Nc2 49. c6 Nxb4 50. Rb6 Kd6 51. c7+ 1-0

[Event "Minsk Kupreichik Memorial rapid"]
[Site "Minsk"]
[Date "2019.08.15"]
[Round "3"]
[White "Uzlavataya, Anhelina"]
[Black "Ustiugov, Boris"]
[Result "0-1"]
[WhiteElo "2051"]
[BlackElo "1567"]
[PlyCount "80"]
[EventDate "2019.08.15"]
[EventType "swiss (rapid)"]
[EventRounds "10"]
[EventCountry "BLR"]
[SourceTitle "CBM 191 Extra"]
[Source "ChessBase"]
[SourceDate "2019.09.30"]
[SourceVersion "1"]
[SourceVersionDate "2019.09.30"]
[SourceQuality "1"]

1. Nf3 Nf6 2. g3 g6 3. Bg2 Bg7 4. 0-0 0-0 5. d4 d5 6. c4 c6 7. Nbd2 e6 8. b3 Nbd7 9. Bb2 b6 10. Qc2 Bb7 11. Rad1 Rc8 12. e4 dxe4 13. Nxe4 Nxe4 14. Qxe4 Qc7 15. Qe2 Rcd8 16. Ne5 Nxe5 17. dxe5 Rxd1 18. Rxd1 Rd8 19. f4 Bf8 20. Rd3 Bc5+ 21. Kf1 h5 22. Qd1 Rxd3 23. Qxd3 Kf8 24. Ke2 Ke7 25. Bc1 Qd7 26. Bd2 a5 27. Be3 Bxe3 28. Kxe3 Qc7 29. Be4 Ke8 30. a3 Qe7 31. Qd4 c5 32. Qd6 Qxd6 33. exd6 Bxe4 34. Kxe4 f6 35. Kf3 Kd7 36. Ke4 Kxd6 37. Ke3 f5 38. Kd3 e5 39. Ke3 h4 40. fxe5+ Kxe5 0-1

[Event "Minsk Kupreichik Memorial op"]
[Site "Minsk"]
[Date "2018.06.23"]
[Round "11"]
[White "Kozlov, Valentin"]
[Black "Uzlavataya, Anhelina"]
[Result "0-1"]
[WhiteElo "1619"]
[BlackElo "2051"]
[PlyCount "134"]
[EventDate "2018.06.21"]
[EventType "swiss (rapid)"]
[EventRounds "11"]
[EventCountry "BLR"]
[SourceTitle "CBM 185 Extra"]
[Source "ChessBase"]
[SourceDate "2018.07.29"]
[SourceVersion "1"]
[SourceVersionDate "2018.07.29"]
[SourceQuality "1"]

1. e4 Nf6 2. e5 Nd5 3. d4 d6 4. c4 Nb6 5. exd6 cxd6 6. Nf3 g6 7. Nc3 Bg7 8. Be3 0-0 9. Be2 Nc6 10. 0-0 e5 11. d5 Ne7 12. Bg5 h6 13. Bd2 f5 14. Rc1 e4 15. Nh4 g5 16. c5 dxc5 17. d6 Qxd6 18. Nb5 Qc6 19. Bb4 gxh4 20. Bxc5 Qf6 21. Bd4 Qg5 22. Qb3+ Kh7 23. Bxg7 Qxg7 24. Rc7 Nbd5 25. Bc4 Nxc7 26. Nxc7 Rb8 27. Na6 bxa6 28. Qxb8 Be6 29. Qb3 Bxc4 30. Qxc4 Ng6 31. Rd1 Ne5 32. Qxa6 Rg8 33. g3 hxg3 34. fxg3 Nd3 35. Qb5 Qg5 36. Rf1 f4 37. Qb7+ Kh8 38. Qxe4 fxg3 39. h4 Qc5+ 40. Kg2 Nf2 41. Qf4 Qd5+ 42. Qf3 Qxf3+ 43. Kxf3 g2 44. Rg1 Nh3 45. Rxg2 Rxg2 46. Kxg2 Nf4+ 47. Kf3 Ng6 48. Kg4 Kg7 49. b4 Ne7 50. a4 Kg6 51. b5 h5+ 52. Kf3 Nd5 53. a5 Kf5 54. Kg3 Ke4 55. Kh3 Kf3 56. b6 axb6 57. axb6 Nxb6 58. Kh2 Kg4 59. Kg2 Kxh4 60. Kh2 Kg4 61. Kg2 Nd5 62. Kh2 Nf4 63. Kh1 Kg3 64. Kg1 Nh3+ 65. Kh1 Nf2+ 66. Kg1 h4 67. Kf1 h3 0-1

[Event "Minsk Kupreichik Memorial op"]
[Site "Minsk"]
[Date "2018.06.23"]
[Round "10"]
[White "Uzlavataya, Anhelina"]
[Black "Sirotkina, Nina"]
[Result "0-1"]
[WhiteElo "2051"]
[BlackElo "2175"]
[PlyCount "76"]
[EventDate "2018.06.21"]
[EventType "swiss (rapid)"]
[EventRounds "11"]
[EventCountry "BLR"]
[SourceTitle "CBM 185 Extra"]
[Source "ChessBase"]
[SourceDate "2018.07.29"]
[SourceVersion "1"]
[SourceVersionDate "2018.07.29"]
[SourceQuality "1"]

1. Nf3 d5 2. g3 c6 3. Bg2 Bf5 4. 0-0 e6 5. d4 Be7 6. c4 Nf6 7. b3 0-0 8. Bb2 Ne4 9. Nbd2 Nd7 10. Nxe4 Bxe4 11. Nd2 Bxg2 12. Kxg2 Nf6 13. Qc2 a5 14. e4 dxe4 15. Nxe4 Nxe4 16. Qxe4 Bf6 17. a3 Qb6 18. Qe3 Rad8 19. Rad1 c5 20. g4 Bxd4 21. Bxd4 Rxd4 22. Rxd4 cxd4 23. Qd3 e5 24. Re1 Re8 25. f3 Qd6 26. a4 b6 27. Re2 g6 28. Kf1 Kg7 29. Ke1 Qf6 30. Kd1 Qg5 31. Kc2 f5 32. h3 Qf4 33. Kb2 Rf8 34. Ka3 fxg4 35. fxg4 Qc1+ 36. Ka2 Rf1 37. b4 Qa1+ 38. Kb3 Rb1+ 0-1

[Event "BLR-ch (Women)"]
[Site "Minsk"]
[Date "2016.01.18"]
[Round "9"]
[White "Badelka, Olga"]
[Black "Uzlavataya, Anhelina"]
[Result "0-1"]
[WhiteElo "2067"]
[BlackElo "2092"]
[PlyCount "78"]
[EventDate "2016.01.10"]
[EventType "tourn"]
[EventRounds "9"]
[EventCountry "BLR"]
[SourceTitle "CBM 170 Extra"]
[Source "ChessBase"]
[SourceDate "2016.02.25"]
[SourceVersion "1"]
[SourceVersionDate "2016.02.25"]
[SourceQuality "1"]

1. d4 Nf6 2. c4 e6 3. Nc3 Bb4 4. e3 0-0 5. Nge2 Re8 6. a3 Bf8 7. d5 c6 8. d6 b6 9. Ng3 e5 10. e4 Re6 11. Nf5 Ne8 12. Ne7+ Bxe7 13. dxe7 Rxe7 14. Bg5 f6 15. Be3 d6 16. g4 Be6 17. Qf3 Qd7 18. Be2 Na6 19. b4 Nac7 20. Rd1 Rd8 21. g5 f5 22. g6 h6 23. Rg1 Nf6 24. exf5 Bxf5 25. b5 cxb5 26. Nxb5 Nxb5 27. cxb5 d5 28. Bd2 e4 29. Qb3 Kh8 30. Be3 Ng4 31. Bxg4 Bxg4 32. Rd4 Qf5 33. Bd2 Rf8 34. Be3 Qf3 35. Qb2 Rc7 36. Rxd5 Rfc8 37. Bxh6 Rc1+ 38. Bxc1 Rxc1+ 39. Kd2 Qf4# 0-1

[Event "BLR-ch (Women)"]
[Site "Minsk"]
[Date "2016.01.15"]
[Round "6"]
[White "Uzlavataya, Anhelina"]
[Black "Revo, Tatiana"]
[Result "0-1"]
[WhiteElo "2092"]
[BlackElo "2043"]
[PlyCount "60"]
[EventDate "2016.01.10"]
[EventType "tourn"]
[EventRounds "9"]
[EventCountry "BLR"]
[SourceTitle "CBM 170 Extra"]
[Source "ChessBase"]
[SourceDate "2016.02.25"]
[SourceVersion "1"]
[SourceVersionDate "2016.02.25"]
[SourceQuality "1"]

1. d4 Nf6 2. Nf3 g6 3. c4 Bg7 4. g3 0-0 5. Bg2 d6 6. 0-0 Nc6 7. Nc3 a6 8. b3 Rb8 9. Bb2 b5 10. cxb5 axb5 11. Rc1 b4 12. Na4 Na5 13. d5 Bb7 14. Ne1 e6 15. dxe6 fxe6 16. Qc2 c5 17. Rd1 Qe7 18. Bxb7 Rxb7 19. Ng2 Rc8 20. e4 c4 21. e5 Nd5 22. exd6 Qxd6 23. Bxg7 Kxg7 24. bxc4 Nxc4 25. Qe4 Qe5 26. Rfe1 Qxe4 27. Rxe4 Nc3 28. Nxc3 bxc3 29. Rxe6 Nb2 30. Rdd6 c2 0-1

[Event "BLR-ch (Women)"]
[Site "Minsk"]
[Date "2015.01.22"]
[Round "9"]
[White "Uzlavataya, Anhelina"]
[Black "Badelka, Olga"]
[Result "0-1"]
[WhiteElo "1979"]
[BlackElo "2048"]
[PlyCount "74"]
[EventDate "2015.01.14"]
[EventType "tourn"]
[EventRounds "9"]
[EventCountry "BLR"]
[SourceTitle "CBM 164 Extra"]
[Source "ChessBase"]
[SourceDate "2015.03.02"]
[SourceVersion "1"]
[SourceVersionDate "2015.03.02"]
[SourceQuality "1"]

1. Nf3 Nf6 2. g3 d5 3. Bg2 Bf5 4. 0-0 e6 5. d4 Be7 6. c4 c6 7. Nc3 h6 8. b3 0-0 9. Bb2 Nbd7 10. Nd2 Re8 11. e4 dxe4 12. Ndxe4 Nxe4 13. Nxe4 Nf6 14. Nc3 Qb6 15. Na4 Qc7 16. Qe2 Rad8 17. Rad1 Bd6 18. h3 Bg6 19. Qe3 Nd7 20. Nc3 f5 21. Qc1 Nf6 22. Ba3 Bxa3 23. Qxa3 f4 24. g4 e5 25. d5 e4 26. d6 Qd7 27. f3 e3 28. Rfe1 b6 29. Ne2 Bc2 30. Rc1 Bh7 31. Nxf4 Qxd6 32. Qxd6 Rxd6 33. Rcd1 Rd2 34. Ra1 Nd7 35. Bf1 g5 36. Ne2 Ne5 37. Kg2 Nd3 0-1

[Event "BLR-ch (Women) 58th"]
[Site "Minsk"]
[Date "2014.01.14"]
[Round "5"]
[White "Uzlavataya, Anhelina"]
[Black "Stetsko, Lanita"]
[Result "0-1"]
[WhiteElo "1913"]
[BlackElo "2245"]
[PlyCount "64"]
[EventDate "2014.01.10"]
[EventType "tourn"]
[EventRounds "9"]
[EventCountry "BLR"]
[SourceTitle "CBM 158 Extra"]
[Source "ChessBase"]
[SourceDate "2014.02.28"]
[SourceVersion "1"]
[SourceVersionDate "2014.02.28"]
[SourceQuality "1"]

1. d4 Nf6 2. c4 e6 3. Nc3 Bb4 4. f3 d5 5. a3 Bxc3+ 6. bxc3 c5 7. cxd5 Nxd5 8. Qc2 Nc6 9. e3 0-0 10. Bd3 Nf6 11. f4 Na5 12. Nf3 c4 13. Be2 Qd5 14. 0-0 Qe4 15. Qd1 b5 16. Ng5 Qg6 17. e4 Nb3 18. Rb1 h6 19. Rxb3 cxb3 20. e5 hxg5 21. exf6 gxf6 22. Bd3 Qg7 23. fxg5 fxg5 24. Qh5 Bb7 25. Rf6 Rfc8 26. Bxg5 Rxc3 27. Bg6 Rc7 28. Bd3 b2 29. Kf2 Rac8 30. Rh6 Rc2+ 31. Ke3 b1Q 32. Bh7+ Qxh7 0-1

[Event "Wch U16 Girls"]
[Site "Al Ain"]
[Date "2013.12.23"]
[Round "7"]
[White "Xiang, Ellen"]
[Black "Uzlavataya, Anhelina"]
[Result "1-0"]
[WhiteElo "1954"]
[BlackElo "1892"]
[PlyCount "69"]
[EventDate "2013.12.18"]
[EventType "swiss"]
[EventRounds "11"]
[EventCountry "UAE"]
[SourceTitle "CBM 158 Extra"]
[Source "ChessBase"]
[SourceDate "2014.02.28"]
[SourceVersion "1"]
[SourceVersionDate "2014.02.28"]
[SourceQuality "1"]

1. d4 Nf6 2. c4 c5 3. d5 e6 4. Nc3 exd5 5. cxd5 d6 6. e4 g6 7. Nf3 Bg7 8. Be2 0-0 9. 0-0 Bg4 10. Nd2 Bxe2 11. Qxe2 Re8 12. Re1 Na6 13. a4 Nb4 14. Nc4 Nbxd5 15. Nxd5 Nxd5 16. Rd1 Bd4 17. Qf3 Qe7 18. e5 Nb4 19. Nxd6 Red8 20. h4 f6 21. Qb3+ Kg7 22. Rxd4 cxd4 23. Qxb4 Rd7 24. exf6+ Qxf6 25. Ne4 Qxh4 26. f3 a5 27. Qd2 Rd5 28. b3 Rad8 29. Bb2 Qe7 30. Rc1 h6 31. Rc4 Qd7 32. Qf4 Rf8 33. Qd2 Rd8 34. Qf4 Rf8 35. Bxd4+ 1-0

[Event "Wch U16 Girls"]
[Site "Al Ain"]
[Date "2013.??.??"]
[Round "4"]
[White "Mahalakshmi, Muganda Kumar"]
[Black "Uzlavataya, Anhelina"]
[Result "1/2-1/2"]
[WhiteElo "2110"]
[BlackElo "1892"]
[PlyCount "119"]
[EventDate "2013.12.18"]
[EventType "swiss"]
[EventRounds "11"]
[EventCountry "UAE"]
[SourceTitle "CBM 158 Extra"]
[Source "ChessBase"]
[SourceDate "2014.02.28"]
[SourceVersion "1"]
[SourceVersionDate "2014.02.28"]
[SourceQuality "1"]

1. d4 Nf6 2. c4 c5 3. d5 e6 4. Nc3 exd5 5. cxd5 d6 6. e4 g6 7. h3 Bg7 8. Nf3 0-0 9. Bd3 b5 10. Nxb5 Nxe4 11. Bxe4 Re8 12. 0-0 Rxe4 13. Re1 Rxe1+ 14. Qxe1 Ba6 15. Bg5 Qd7 16. Nc3 h6 17. Bf4 Bb7 18. Qd2 g5 19. Bh2 Na6 20. Ne4 Nc7 21. Bxd6 Nxd5 22. Nxc5 Qxd6 23. Nxb7 Qc6 24. Na5 Qb5 25. Nb3 Nf4 26. Re1 Qb6 27. Qd7 Ne6 28. Qd2 Rd8 29. Qa5 Bxb2 30. Rb1 Bg7 31. Qxb6 axb6 32. Nbd2 Ra8 33. Rxb6 Rxa2 34. Ne4 Ra1+ 35. Kh2 Ra7 36. Ng3 Ra2 37. Kg1 Nd4 38. Nxd4 Bxd4 39. Rxh6 Bxf2+ 40. Kh2 Ra5 41. Rd6 Bd4 42. Ne4 Kg7 43. Kg3 f6 44. Rc6 Be5+ 45. Kf3 Ra3+ 46. Kf2 Kg6 47. Rc2 Kf5 48. Nd2 Bd4+ 49. Ke2 Re3+ 50. Kf1 Ra3 51. Nf3 Ba7 52. Ke2 Kf4 53. Rc1 Kf5 54. Rc2 Re3+ 55. Kf1 Re4 56. Ra2 Be3 57. Re2 Kf4 58. Nd2 Bxd2 59. Rxd2 Ra4 60. Kf2 1/2-1/2

[Event "Wch U16 Girls"]
[Site "Al Ain"]
[Date "2013.??.??"]
[Round "9"]
[White "Uzlavataya, Anhelina"]
[Black "Franca, Veronika"]
[Result "0-1"]
[WhiteElo "1892"]
[BlackElo "1965"]
[PlyCount "116"]
[EventDate "2013.12.18"]
[EventType "swiss"]
[EventRounds "11"]
[EventCountry "UAE"]
[SourceTitle "CBM 158 Extra"]
[Source "ChessBase"]
[SourceDate "2014.02.28"]
[SourceVersion "1"]
[SourceVersionDate "2014.02.28"]
[SourceQuality "1"]

1. Nf3 Nf6 2. g3 e6 3. Bg2 Be7 4. 0-0 0-0 5. d4 d5 6. c4 dxc4 7. Qc2 a6 8. a4 Nc6 9. Qxc4 Qd5 10. Qxd5 Nxd5 11. Nc3 Rd8 12. Rd1 Ndb4 13. Bf4 Bd6 14. Rac1 Bxf4 15. gxf4 Bd7 16. Ne4 Be8 17. e3 Rac8 18. b3 Na5 19. Ned2 f6 20. Bh3 Kf7 21. f5 Bd7 22. Nc4 Nxc4 23. fxe6+ Bxe6 24. Bxe6+ Kxe6 25. bxc4 a5 26. d5+ Kf7 27. Nd4 Re8 28. d6 Red8 29. c5 cxd6 30. cxd6 Rxc1 31. Rxc1 Rxd6 32. Rc7+ Kg6 33. Rxb7 Ra6 34. Kg2 Nd5 35. e4 Nc3 36. f3 Nxa4 37. Nf5 Nc5 38. Rxg7+ Kh5 39. Rxh7+ Kg6 40. Rg7+ Kh5 41. h4 a4 42. Rh7+ Kg6 43. Rh6+ Kf7 44. h5 a3 45. Rh7+ Kf8 46. h6 a2 47. Rh8+ Kf7 48. Rf8+ Kg6 49. Rg8+ Kh7 50. Rg7+ Kh8 51. Rc7 a1Q 52. Rc8+ Kh7 53. Rc7+ Kg8 54. Rc8+ Kf7 55. Rc7+ Ke8 56. h7 Ra2+ 57. Kg3 Qg1+ 58. Kf4 Qg5# 0-1

[Event "Wch U16 Girls"]
[Site "Al Ain"]
[Date "2013.??.??"]
[Round "8"]
[White "Uzlavataya, Anhelina"]
[Black "Virkud, Apurva"]
[Result "1-0"]
[WhiteElo "1892"]
[BlackElo "1969"]
[PlyCount "95"]
[EventDate "2013.12.18"]
[EventType "swiss"]
[EventRounds "11"]
[EventCountry "UAE"]
[SourceTitle "CBM 158 Extra"]
[Source "ChessBase"]
[SourceDate "2014.02.28"]
[SourceVersion "1"]
[SourceVersionDate "2014.02.28"]
[SourceQuality "1"]

1. Nf3 d5 2. g3 c6 3. Bg2 Nf6 4. 0-0 Bf5 5. d4 h6 6. c4 e6 7. Nc3 Be7 8. Nd2 Nbd7 9. e4 dxe4 10. Ndxe4 Nxe4 11. Nxe4 Nf6 12. Nc3 0-0 13. h3 Qd7 14. Be3 Rfe8 15. Qb3 Bd6 16. Rfd1 Qe7 17. Rac1 Rab8 18. d5 exd5 19. cxd5 a6 20. Ba7 Ra8 21. Bb6 Rac8 22. dxc6 bxc6 23. Na4 Be6 24. Qd3 Nd5 25. b3 a5 26. Bc5 Red8 27. Qe2 Bxc5 28. Nxc5 Rd6 29. Ne4 Bf5 30. Nc3 Qxe2 31. Nxe2 Rcd8 32. Rc5 Bg6 33. Rxa5 Nf4 34. Rxd6 Nxe2+ 35. Kf1 Nxg3+ 36. fxg3 Rxd6 37. Ra8+ Kh7 38. Ke2 c5 39. Rc8 Ra6 40. a4 Re6+ 41. Kf2 Rf6+ 42. Kg1 Bc2 43. Bd5 Bf5 44. Rxc5 Bxh3 45. Bc4 g5 46. a5 Bf5 47. Rxf5 Rxf5 48. Bd3 1-0

[Event "EU-ch U16 Girls"]
[Site "Prague"]
[Date "2012.08.23"]
[Round "7"]
[White "Uzlavataya, Anhelina"]
[Black "Shamatava, Ana"]
[Result "0-1"]
[WhiteElo "1862"]
[BlackElo "2086"]
[PlyCount "90"]
[EventDate "2012.08.17"]
[EventType "swiss"]
[EventRounds "9"]
[EventCountry "CZE"]
[SourceTitle "CBM 150 Extra"]
[Source "ChessBase"]
[SourceDate "2012.10.19"]
[SourceVersion "1"]
[SourceVersionDate "2012.10.19"]
[SourceQuality "1"]

1. Nf3 Nf6 2. g3 d5 3. Bg2 e6 4. 0-0 Be7 5. d4 b5 6. Ne5 0-0 7. a4 b4 8. c4 bxc3 9. bxc3 Bb7 10. Nd2 Nbd7 11. Ndf3 c5 12. Rb1 Qc8 13. Bf4 Ba6 14. Nd2 Rd8 15. Re1 Nh5 16. c4 Nxf4 17. gxf4 Nxe5 18. dxe5 Rb8 19. Qc2 Qd7 20. Red1 Rb4 21. Rxb4 cxb4 22. cxd5 exd5 23. Nf1 d4 24. Qd2 Qe6 25. Qb2 Qc4 26. Ng3 Qc3 27. Qb1 b3 28. Rc1 Qb4 29. Rc7 Rc8 30. Rxc8+ Bxc8 31. Be4 Qxa4 32. f5 Ba3 33. Qd1 Qc4 34. Kg2 a5 35. e3 Bc5 36. exd4 Bxd4 37. Ne2 Bxe5 38. f3 Ba6 39. Ng3 Bd4 40. f6 g6 41. Qd2 Qc5 42. Nf5 Qe5 43. Qxd4 Qxd4 44. Nxd4 a4 45. Bb1 Bc4 0-1

[Event "EU-ch U16 Girls"]
[Site "Prague"]
[Date "2012.08.19"]
[Round "3"]
[White "Uzlavataya, Anhelina"]
[Black "Kostitsina, Liubov"]
[Result "1-0"]
[WhiteElo "1862"]
[BlackElo "2057"]
[PlyCount "49"]
[EventDate "2012.08.17"]
[EventType "swiss"]
[EventRounds "9"]
[EventCountry "CZE"]
[SourceTitle "CBM 150 Extra"]
[Source "ChessBase"]
[SourceDate "2012.10.19"]
[SourceVersion "1"]
[SourceVersionDate "2012.10.19"]
[SourceQuality "1"]

1. f4 Nf6 2. Nf3 g6 3. g3 Bg7 4. Bg2 d6 5. 0-0 c5 6. d3 Nc6 7. Nc3 Rb8 8. e4 0-0 9. h3 b5 10. Be3 b4 11. Ne2 c4 12. dxc4 Nxe4 13. Nh2 Bxb2 14. Rb1 Nc3 15. Nxc3 bxc3 16. Bxc6 Rb6 17. Bg2 Ra6 18. Ng4 Rxa2 19. f5 Ra5 20. Qd4 f6 21. Bd5+ Kh8 22. fxg6 hxg6 23. Qe4 Kh7 24. Nxf6+ Rxf6 25. Qh4+ 1-0